Culture Générale - Série 480 - Statistiques

Statistiques générales
  • Ce quiz a été pris 194 fois
  • Le résultat moyen est 4 sur 10
Statistiques - réponses
Question Réponse % Correct
Par quel insecte Pierre Richard se fait‐il piquer dans "La Chèvre" ? guêpe
77%
Dans quel film Will Smith et Tommy Lee Jones affrontent‐ils un cafard géant ? Men In Black
62%
Quel héros de la mythologie grecque explore la Colchide aux commandes de l'Argo ? Jason
52%
Quelle ville française a organisé les tout premiers jeux Olympiques d'hiver, en 1924 ? Chamonix
51%
A qui doit‐on l'édification du fort des Têtes de Briançon au 17e siècle ? Vauban
50%
Sur quel bateau Clark Gable, Marlon Brando et Mel Gibson ont‐ils incarné tour à tour le lieutenant Christian Fletcher ? Le Bounty
42%
Quelle station de sports d'hiver est la capitale du Tyrol autrichien ? Innsbruck
38%
Quel film sur les insectes a reçu cinq césars en 1997 ? Microcosmos
34%
Qui se laisse dériver sur l'Atlantique, à bord du canot pneumatique l'Hérétique, durant deux mois en 1952 ? Alain Bombard
23%
Quel explorateur français disparaît à bord de l'Astrolabe en 1788 ? La Pérouse
20%
Aucun quiz correspondant
Distribution des résultats
% des personnes avec chaque résultat
Percentile par nombre de réponses
Votre historique - résultats
Vous n’avez pas pris ce quiz